| 000 | 00646nam a2200217 a 4500 | ||
|---|---|---|---|
| 001 | 000013726 | ||
| 005 | 20200929163327.0 | ||
| 008 | 091128s1969 mx 000 f spa d | ||
| 040 |
_aDO-SdBNP _bspa _cBNPHU |
||
| 082 |
_a863.64 _bG724s, 1969 |
||
| 100 | 1 |
_aGoytisolo, Juan, _d1931- _923549 |
|
| 245 | 1 | 0 |
_aSeñas de identidad / _cJuan Goytisolo. |
| 250 | _a2a ed. | ||
| 260 |
_aMéxico : _bJoaquín Mortiz, _c1969. |
||
| 300 |
_a422 ; _c19 cm. |
||
| 490 | 1 | _aNovelistas Contemporáneos | |
| 650 | 4 |
_aNovela española _91123 |
|
| 650 | 4 |
_aLiteratura esapañola _ySIGLO XX _931166 |
|
| 830 | 0 |
_aNovelistas Contemporáneos _911918 |
|
| 049 | _aBNGR | ||
| 999 |
_c13339 _d13339 |
||